Pays du Monde avec la lettre du milieu - Carte quiz - Statistiques

Statistiques générales
  • Ce quiz a été pris 48 fois
    41 depuis la dernière actualisation
  • Le résultat moyen est 145 sur 196
Réponses sur la Carte
Les réponses sont colorées sur une échelle allant du rouge au vert en fonction du pourcentage des utilisateurs qui les ont devinées à leur premier essai. Vous pouvez retrouver ces pourcentages ci-dessous.
 
Statistiques - réponses
Pays % Correct
A
100%
D
100%
E
100%
I
100%
N
100%
O
100%
R
100%
S
100%
B
97%
G
97%
L
97%
T
97%
U
97%
H
93%
M
93%
P
90%
V
90%
Z
90%
C
87%
Q
87%
K
83%
AN
80%
SS
80%
AL
73%
NA
73%
ES
70%
LA
70%
ND
70%
IS
63%
MA
63%
YP
63%
RI
60%
GO
57%
AG
53%
AO
53%
AT
53%
BO
53%
OM
53%
RA
53%
TU
53%
UD
53%
AI
50%
GA
50%
YA
50%
EM
47%
IN
43%
IT
43%
MB
43%
UB
43%
EN
40%
ER
40%
GI
40%
UM
40%
ZA
40%
AR
37%
DA
37%
DU
37%
OG
37%
UA
37%
BA
33%
IO
33%
VE
33%
ED
30%
ET
30%
IW
30%
RB
30%
Sa
30%
TO
30%
EB
27%
LI
27%
SO
27%
SW
27%
KH
23%
TH
23%
UE
23%
VA
23%
UN
20%
IB
17%
IZ
17%
WE
17%
SD
10%
DI
7%
HE
7%
TM
7%
Aucun quiz correspondant
Distribution des résultats
% des personnes avec chaque résultat
Percentile par nombre de réponses
Votre historique - résultats
Vous n’avez pas pris ce quiz depuis la dernière actualisation